LEADER 01693nam a2200361 a 4500 001 000000127922 003 CaOOAMICUS 005 20120309124430.0 008 120309s2011 it u000 u ita r 020 $a978-88-6372-310-6 040 $aPUL$bita 082 04$a195 100 1 $aGarin, Eugenio,$d1909-2004.$0(OLS)http://pul/name/8722 245 10$aGiovanni pico della Mirandola :$bvita e dottrina /$cEugenio Garin ; introduzione di Cesare Vasoli. 250 $aNuova ed. 260 $aRoma :$bEdizioni di Storia e Letteratura,$c2011$aFirenze :$bIstituto Nazionale di Studi sul Rinascimento,$c2011. 300 $aXXVI, 243 p. ;$c24 cm 490 1 $aUomini e dottrine. Reprint ;$v5 500 $aInclude indice. 504 $aBibliografia in nota. 600 14$aPico della Mirandola, Giovanni,$d1463-1494.$0(OLS)http://pul/subject/8575 650 4$aFilosofia occidentale moderna$zItalia.$0(OLS)http://pul/subject/38532 700 1 $aVasoli, Cesare,$d1924-$0(OLS)http://pul/name/4280 830 0$aUomini e dottrine.$pReprint ;$v5.$0(OLS)http://pul/title/161662 850 $aPUL 852 $aPUL$W1$xSL Filosofia 3$y81$m195 GAREU 1$j148070$qDDC 21$q $B146665$CPULBib$Z2$F146665 $H118835 $81 941 1 $a9 996 $6020$a978-88-6372-310-6$9(OLS)http://pul/number/149108 996 $6082$a195$9(OLS)http://pul/classification/342 996 $6245$aGiovanni pico della Mirandola :$bvita e dottrina$9(OLS)http://pul/title/161661 996 $6260$aRoma :$bEdizioni di Storia e Letteratura$9(OLS)http://pul/publisher/48123 996 $6260$aFirenze :$bIstituto Nazionale di Studi sul Rinascimento$9(OLS)http://pul/publisher/55795 LEADER 01160nam a2200265 a 4500 001 000000170455 003 CaOOAMICUS 005 20181112175057.0 008 181112s2017 it frm z000 u ita r 032 $aLibriCat 040 $aPUL$bita 100 1 $aPlacentino, Maurizio.$0(OLS)http://pul/name/109676 245 10$aCominciando dal tempio... : $bGesù e il tempio nel Vangelo di Luca / $cMaurizio Placentino . 260 $aRoma :$b[s.n.],$c2017. 300 $a127 p. ;$c24 cm. 502 $aEstratto da Tesi -- Pontificia Università Gregoriana -- Facoltà di Teologia, 2017. 504 $aBibliografia: p. [107]-121. 630 04$aBiblia.$pN.T.$pLucas.$0(OLS)http://pul/subject/37878 710 2 $aPontificia Università Gregoriana.$bFacoltà di teologia.$kTesi.$0(OLS)http://pul/name/81592 850 $aPUL 852 $aPUL$W1$xDP1 Tesi Pon. Univ. Gregoriana$y40$m2017 B 58$j193313$qTesi$B198765$CPULBib$Z2$F198765 $81 941 1 $a16 996 $6245$aCominciando dal tempio... : $bGesù e il tempio nel Vangelo di Luca / $9(OLS)http://pul/title/211216 996 $6260$aRoma :$b[s.n.]$9(OLS)http://pul/publisher/47958